Geography Ending in W, Starting with A-Z - Statistics

General Stats
  • This quiz has been taken 50 times
  • The average score is 9 of 26
Answer Stats
Initial letter Clue Answer ending in W % Correct
G Scottish city Glasgow
94%
W The capital of Poland Warsaw
94%
M Often listed as the largest city in Europe Moscow
90%
K Beautiful medieval city in Poland Krakow
85%
Y Name of a Chinese river and sea Yellow
75%
N The capital of Myanmar Naypyidaw
65%
L The capital of the Indian state of Uttar Pradesh Lucknow
60%
H Borough of NW London with a well-known school Harrow
48%
U Strong current which can pull swimmers out to sea Undertow
42%
O Type of lake which was originally part of a river but became cut off Oxbow
40%
S Michigan city mentioned in a Simon and Garfunkel song Saginaw
29%
B Suburb of Tulsa, Oklahoma Broken Arrow
27%
J Town in Tyne and Wear near Newcastle Jarrow
23%
C Inland county and town in Ireland Carlow
15%
R Town near Paisley which gives its name to a Scottish county Renfrew
15%
A Town in Wicklow in Ireland Arklow
13%
P Former shipbuilding hub on the River Clyde Port Glasgow
8%
V Suburb of Cleveland, with a bridge crossing the Cuyahoga River Valley View
8%
I Water that infiltrates the soil and empties into a stream Interflow
6%
F Suburb of Dallas Fairview
4%
Q The English name of the Basílica del Voto Nacional in the capital of Ecuador Quito Basilica of the National Vow
4%
T Welsh-named town in Argentina Trelew
4%
X Tang history performance which takes place in the city of the Terracotta Warriors Xi'an Tang dynasty show
4%
D Town in New York State Depew
2%
E Town near Springfield, Massachusetts East Longmeadow
2%
Z Central Polish town in the Masovian Voivodeship Żyrardów
0%
No matching quizzes found
Score Distribution
Percent of People with Each Score
Percentile by Number Answered
Your Score History
You have not taken this quiz